Fault-tolerant systems (Record no. 85674)

MARC details
000 -LEADER
fixed length control field 00798 a2200265 4500
003 - CONTROL NUMBER IDENTIFIER
control field CBULib
005 - DATE AND TIME OF LATEST TRANSACTION
control field 20250228063004.0
008 - FIXED-LENGTH DATA ELEMENTS--GENERAL INFORMATION
fixed length control field 241021b |||||||| |||| 00| 0 eng d
020 ## - INTERNATIONAL STANDARD BOOK NUMBER
International Standard Book Number 9780128181058
040 ## - CATALOGING SOURCE
Language of cataloging English
Transcribing agency CBULib
Description conventions rda
041 ## - LANGUAGE CODE
Language code of text/sound track or separate title eng
050 ## - LIBRARY OF CONGRESS CALL NUMBER
Classification number QA 76.9 Kor
100 ## - MAIN ENTRY--PERSONAL NAME
Personal name Koren, Israel
245 ## - TITLE STATEMENT
Title Fault-tolerant systems
Statement of responsibility, etc / by Israel Koren and C. Mani Krishna
250 ## - EDITION STATEMENT
Edition statement Second edition
260 ## - PUBLICATION, DISTRIBUTION, ETC. (IMPRINT)
Name of publisher, distributor, etc Elsevier,
Date of publication, distribution, etc 2021
Place of publication, distribution, etc Cambridge :
300 ## - PHYSICAL DESCRIPTION
Extent xiii, 402 pages : illustrations
336 ## - CONTENT TYPE
Source rdacontent
Content type term Text |
Content type code txt
337 ## - MEDIA TYPE
Source rdamedia
Media type term Unmediated |
Media type code n
338 ## - CARRIER TYPE
Source rdacarrier
Carrier type term Volume
Carrier type code nc
650 #0 - SUBJECT ADDED ENTRY--TOPICAL TERM
9 (RLIN) 3781
Topical term or geographic name as entry element FAULT - TOLERANT COMPUTING
650 #0 - SUBJECT ADDED ENTRY--TOPICAL TERM
9 (RLIN) 3782
Topical term or geographic name as entry element COMPUTER SYSTEMS -- REALIABILITY
711 ## - ADDED ENTRY--MEETING NAME
9 (RLIN) 3784
Meeting name or jurisdiction name as entry element Krishna, C. Mani
942 ## - ADDED ENTRY ELEMENTS (KOHA)
Source of classification or shelving scheme
Koha item type MONOGRAPH
Holdings
Withdrawn status Lost status Source of classification or shelving scheme Damaged status Not for loan Collection code Permanent Location Current Location Shelving location Date acquired Source of acquisition Cost, normal purchase price Full call number Barcode Date last seen Price effective from Koha item type Total Checkouts
          CBU-Lusaka Campus CBU- LUSAKA CAMPUS CBU- LUSAKA CAMPUS General Stacks 10/21/2024 DON-BOOKAID 89.00 QA 76.9 Kor 752972 10/21/2024 10/21/2024 MONOGRAPH  
          CBU-Lusaka Campus CBU- LUSAKA CAMPUS CBU- LUSAKA CAMPUS General Stacks 10/21/2024 DON-BOOKAID 89.00 QA 76.9 Kor 752971 10/21/2024 10/21/2024 MONOGRAPH  
          Main Library Open Access Collection CBU-MAIN LIBRARY, KITWE. CBU-MAIN LIBRARY, KITWE. General Stacks 02/24/2025 BOOK AID INTERNATIONAL 89.00 QA 76.9 Kor 753468 02/24/2025 02/24/2025 MONOGRAPH  
          Main Library Open Access Collection CBU-MAIN LIBRARY, KITWE. CBU-MAIN LIBRARY, KITWE. General Stacks 02/24/2025 BOOK AID INTERNATIONAL 89.00 QA 76.9 Kor 753467 02/24/2025 02/24/2025 MONOGRAPH